Možnosti úspešného marketingu

Deväť najrozšírenejších úspechov marketingu. Prvý krok v procese segmentácie existujúcich klientov poisťovne. Stratégia komunikácie a marketingového prístupu ku klientom.

Na minha lista:
Detalhes bibliográficos
Autor principal: Zarembová, Pavla
Formato: Capítulo de Livro
Idioma:eslovaco
Assuntos:
Tags: Adicionar Tag
Sem tags, seja o primeiro a adicionar uma tag!

MARC

LEADER 00000naa a2200000 4500
001 r049147
005 20230918115126.4
041 0 |a slo 
044 |a SK 
245 1 0 |a Možnosti úspešného marketingu  |c Pavla Zarembová 
520 |a Deväť najrozšírenejších úspechov marketingu. Prvý krok v procese segmentácie existujúcich klientov poisťovne. Stratégia komunikácie a marketingového prístupu ku klientom. 
610 2 0 |a poisťovne 
610 2 0 |a marketing 
610 2 0 |a stratégia marketingová 
610 2 0 |a klienti 
610 2 0 |a segmentácia trhu 
100 1 |a Zarembová, Pavla